Southville International School and Colleges
Your cart is empty.
  • Cart
  • Lists
    Public lists Eva Luna New books Lux_list list_1
    Your lists Log in to create your own lists
  • Log in to your account
  • Your cookies
  • Search history
Southville International School and Colleges
  • Advanced search
  • Recent comments
  • Most popular
  • Libraries

Log in to your account

Log in with GOOGLE


If you do not have an external account, but do have a local account, you can still log in:

  1. Home
  2. MARC view: Life Without Limits
Normal view MARC view ISBD view

Life Without Limits (Record no. 35202)

[ view plain ]
MARC details
000 -LEADER
fixed length control field 00965nam a22002057a 4500
005 - DATE AND TIME OF LATEST TRANSACTION
control field 20140310184529.0
008 - FIXED-LENGTH DATA ELEMENTS--GENERAL INFORMATION
fixed length control field 140206b xxu||||| |||| 00| 0 eng d
020 ## - INTERNATIONAL STANDARD BOOK NUMBER
International Standard Book Number 9780307589743
050 ## - LIBRARY OF CONGRESS CALL NUMBER
Classification number BV 4501.3
Item number .V85 2010
100 ## - MAIN ENTRY--PERSONAL NAME
Personal name Vujicic, Nick
245 ## - TITLE STATEMENT
Title Life Without Limits
Statement of responsibility, etc Nick Vujicic.
260 ## - PUBLICATION, DISTRIBUTION, ETC. (IMPRINT)
Place of publication, distribution, etc New York :
Name of publisher, distributor, etc WaterBooks,
Date of publication, distribution, etc 2010.
300 ## - PHYSICAL DESCRIPTION
Extent 272 p. :
Other physical details ill. ;
Dimensions 21 cm.
520 ## - SUMMARY, ETC.
Summary, etc Born without arms or legs, Nick Vujicic overcame his disability to live not just independently but a rich, fulfilling life, becoming a model for anyone seeking true happiness. Now an internationally successful motivational speaker, his central message is that the most important goal for anyone is to find their life's purpose despite whatever difficulties or seemingly impossible odds stand in their way.--From publisher description.
650 ## - SUBJECT ADDED ENTRY--TOPICAL TERM
Topical term or geographic name as entry element Christianity.
650 ## - SUBJECT ADDED ENTRY--TOPICAL TERM
Topical term or geographic name as entry element Happiness.
650 ## - SUBJECT ADDED ENTRY--TOPICAL TERM
Topical term or geographic name as entry element Disabled Persons.
942 ## - ADDED ENTRY ELEMENTS (KOHA)
Source of classification or shelving scheme Library of Congress Classification
Koha item type Books
Holdings
Withdrawn status Lost status Source of classification or shelving scheme Damaged status Home library Current library Shelving location Date acquired Total Checkouts Total Renewals Full call number Barcode Date last seen Date checked out Copy number Price effective from Koha item type
    Library of Congress Classification   Luxembourg Library Luxembourg Library High School Section 02/06/2014 1 4 BV 4501.3 .V85 2010 19635 06/19/2019 08/17/2015 1 02/06/2014 Books

Life Without Limits

APA

Vujicic N., . (2010). Life Without Limits. New York: WaterBooks.

Chicago

Vujicic Nick, . 2010. Life Without Limits. New York: WaterBooks.

Harvard

Vujicic N., . (2010). Life Without Limits. New York: WaterBooks.

MLA

Vujicic Nick, . Life Without Limits. New York: WaterBooks. 2010.

  • Place hold
  • Print
  • Cite
  • Add to your cart (remove)
  • Save record
    BIBTEX Dublin Core MARCXML MARC (non-Unicode/MARC-8) MARC (Unicode/UTF-8) MARC (Unicode/UTF-8, Standard) MODS (XML) RIS
  • More searches
    Search for this title in:
    Other Libraries (WorldCat) Other Databases (Google Scholar) Online Stores (Bookfinder.com) Open Library (openlibrary.org)

Exporting to Dublin Core...

SOUTHVILLE LIBRARY

Southville International School and Colleges Library

1281 Tropical Ave. Cor. Luxembourg St., BF Homes International, Las Pinas City

Tel. No. 8256374 / 252358 Loc. 117/146

Powered by Koha